Bilecik Bilecik Bilecik Bilecik Bilecik

Notalar/sanat edebiyat/ (Record no. 5132)

MARC details
000 -BAŞLIK
Sabit Uzunluktaki Kontrol Alanı 00956nam a22003377a 4500
001 - KONTROL NUMARASI
Control Dosyası 0005150
003 - KONTROL NUMARASI KİMLİĞİ
Kontrol Alanı KOHA_MİRAKIL
005 - EN SON İŞLEM TARİHİ ve ZAMANI
Kontrol Alanı 20260207001433.0
007 - FİZİKSEL TANIM SABİT ALAN - GENEL BİLGİ
Sabit uzunluklu kontrol alanı ta
008 - SABİT UZUNLUKTAKİ VERİ ÖGELERİ - GENEL BİLGİ
Sabit Alan 090508b1989 tu |||gr||||#||||1|tur |
020 ## - ISBN - ULUSLARARASI STANDART KİTAP NUMARASI
Isbn 9757696021
040 ## - KATALOGLAMA KAYNAĞI
Özgün Kataloglama Kurumu TR-BiSEU
Kataloglama Dili tur
Çeviri Kurumu TR-BiSEU
Açıklama Kuralları rda
041 0# - DİL KODU
Metin ya da ses kaydının dil kodu tur
044 ## - YAYINLAYAN/ÜRETEN KURULUŞUN ÜLKE KODU
ISO country code tu
050 ## - SINIFLAMA ve YER NUMARASI
Sınıflama Numarası PN1996.T34
Yer Numarası N68 1989
100 1# - KİŞİ ADI
Yazar Adı (Kişi adı) Tahir, Kemal.
245 1# - ESER ADI BİLDİRİMİ
Başlık Notalar/sanat edebiyat/
Sorumluluk Bildirimi Kemal Tahir ; Kemal Tahir.
264 #1 - ÜRERİM, YAYIN, DAĞITIM ve TELİF BİLDİRİMİ
Yayın yeri İstanbul :
Yayınlayan Bağlam Yayıncılık
Yayın tarihi 1989
300 ## - FİZİKSEL TANIMLAMA
Sayfa, Cilt vb. 1 c.; 24 cm.
336 ## - İÇERİK TÜRÜ
Content type term metin
Content type code txt
Source rdacontent
337 ## - MEDYA TÜRÜ
Media type term aracısız
Media type code n
Source rdamedia
338 ## - TAŞIYICI TÜRÜ
Carrier type term cilt
Carrier type code nc
Source rdacarrier
490 1# - DİZİ BİLDİRİMİ
Dizi Bildirimi Bağlam yayınları ;
Cilt Numarası 20.
490 1# - DİZİ BİLDİRİMİ
Dizi Bildirimi Kemal Tahir /Notlar ;
Cilt Numarası 1.
500 ## - GENEL NOT
Genel Not Dizin var.
650 #0 - KONU BAŞLIĞI EK GİRİŞ - KONU TERİMİ
Konusal terim veya coğrafi ad Sinema.
9 (RLIN) 12316
650 #0 - KONU BAŞLIĞI EK GİRİŞ - KONU TERİMİ
Konusal terim veya coğrafi ad Sinema--Tarih.
9 (RLIN) 12317
830 1# - SERİ EK GİRİŞİ - TEKBİÇİM ESER ADI
Tekbiçim Başlık Bağlam yayınları ;
Volume number/sequential designation 20.
9 (RLIN) 8879
830 1# - SERİ EK GİRİŞİ - TEKBİÇİM ESER ADI
Tekbiçim Başlık Kemal Tahir /Notlar ;
Volume number/sequential designation 1.
9 (RLIN) 12318
942 ## - EK GİRİŞ ÖGELERİ (KOHA)
Source of classification or shelving scheme Library of Congress Classification
Koha item type Book
Holdings
Materyal Türü Kalıcı Konum Mevcut Konum Raf Yeri Sınıflandırma Kaynağı Edinim Bilgisi Ana Konular Alt Konular Yer Numarası Cilt Bilgisi Demirbaş Numarası Fatura Tarihi Maliyet, Alış Fiyatı Maliyet, Yenileme Fiyatı Geri Çekilme Durumu Kayıp Durumu Hasarlı Durumu Kredi için değil Kayıt Tarih Toplam Ödünçverme Son Görülme Tarihi Son Kontrol Tarihi Genel / Bağış Notu
Book Prof. Dr. Azmi Özcan Kütüphanesi Prof. Dr. Azmi Özcan Kütüphanesi Birûni Salonu Library of Congress Classification Bağış DİL VE EDEBİYAT Edebiyat (Genel) PN1996.T34 N68 1989 c.1 0005150 13/08/2010 4.00 4.00         08/05/2009 1 07/05/2025 07/05/2025 Genel Bağış